| 000 | 00995nas a2200313 4500 | ||
|---|---|---|---|
| 001 | BR2010001157 | ||
| 003 | BR-BrBNA | ||
| 005 | 20231205113944.0 | ||
| 007 | ta | ||
| 008 | 230509b bl.|||p| |||| 00| 00por d | ||
| 040 |
_aBR-BrBNA _bpor _cBiblioteca Nacional de Agricultura |
||
| 041 | _a(En) | ||
| 072 | _aF60 | ||
| 100 | 1 | _aScherer, R. | |
| 100 | 1 | _aDuarte, M.C.T. | |
| 100 | 1 | _aCatharino, R.R. | |
| 100 | 1 | _aNachtigall, F.M. | |
| 100 | 1 | _aEberlin, M.N. | |
| 100 | 1 | _aTeixeira Filho, J. | |
| 100 | 1 | _aGodoy, H.T. | |
| 245 | 1 | _aXanthium strumarium L. antimicrobial activity and carboxyatracttyloside analysis through electrospray ionization mass spectrometry | |
| 650 | _aCARRAPICHO | ||
| 650 | _aEXTRATO VEGETAL | ||
| 650 | _aANÁLISE FOLIAR | ||
| 650 | _aESPECTROMETRIA | ||
| 773 | 0 |
_tRevista Brasileira de Plantas Medicinais (Brazil) _xISSN 1516-0572 _g(May 2009), v. 11(2) p. 159-163 _wBR2010001157 |
|
| 909 |
_a202311 _bLúcia _c55 _dLúcia Elande |
||
| 942 |
_2AGRIS _n0 _cANA |
||
| 999 |
_c206442 _d206442 |
||